|
|
|
|
| LEADER |
00000nab a2200000 a 4500 |
| 001 |
vtls000026834 |
| 003 |
SK-MaSNL |
| 005 |
20260304225438.0 |
| 008 |
250422c1979 xo 0 slo |
| 015 |
|
|
|a SNBRB19rr/mm-uuuuu
|
| 035 |
|
|
|a CL0036928
|
| 035 |
|
|
|a urn:nbn:sk:snk-abqg
|
| 035 |
|
|
|a (urnnbn)urn:nbn:sk:snk:ar-00582e
|
| 035 |
|
|
|a (uuid)52efe47c-c51c-455a-9da3-b3d31a6bd10d
|
| 040 |
|
|
|a SNKBUCL
|b slo
|c SNKBUCL
|e AACR2
|
| 041 |
0 |
|
|a slo
|
| 044 |
|
|
|a xo
|c SK
|
| 080 |
|
|
|a 502
|2 1981
|
| 100 |
1 |
|
|a Čaboun, Vladimír,
|d 1952-
|4 aut
|9 217979
|
| 245 |
1 |
0 |
|a Celoštátny seminár k Svetovému dňu životného prostredia vo Zvolene
|c Vladimír Čaboun
|
| 650 |
0 |
7 |
|a životné prostredie
|2 snkbucl
|9 786
|
| 650 |
0 |
7 |
|a Svetový deň životného prostredia
|2 snkbucl
|9 900602
|
| 655 |
|
7 |
|a články z novín a časopisov
|2 snkbucl
|9 267496
|
| 773 |
0 |
|
|t Lesnícky časopis
|g Roč. 25, č. 1 (1979), s. 67-68
|
| 850 |
|
|
|a Slovenská národná knižnica
|
| 852 |
|
|
|a Slovenská národná knižnica
|
| 954 |
|
|
|a odborná, vedecká literatúra pôvodná (slovenská)
|2 lita
|
| 957 |
|
|
|a 5311
|
| 958 |
|
|
|a article2022
|
| 958 |
|
|
|a OND
|
| 958 |
|
|
|a RK
|
| 958 |
|
|
|a EUIPO
|
| 992 |
|
|
|a RBX
|
| 999 |
|
|
|c 3177613
|d 3179543
|